Random National Flags of Europe - Statistics

General Stats
  • This quiz has been taken 453 times
  • The average score is 14 of 15
Answer Stats
Picture Answer % Correct
France
100%
Germany
100%
Ireland
100%
Italy
100%
Portugal
100%
Spain
100%
Greece
98%
Kosovo
98%
Poland
98%
Russia
98%
Ukraine
98%
United Kingdom
98%
Belgium
97%
Finland
97%
Norway
97%
Switzerland
97%
Albania
96%
Estonia
96%
Sweden
96%
Croatia
95%
Netherlands
94%
Slovakia
94%
Bosnia and Herzegovina
93%
Iceland
93%
Monaco
93%
Vatican City
93%
Denmark
92%
San Marino
92%
Serbia
92%
Latvia
91%
North Macedonia
91%
Romania
91%
Andorra
90%
Austria
90%
Czech Republic
90%
Belarus
89%
Lithuania
89%
Montenegro
89%
Slovenia
89%
Hungary
88%
Malta
88%
Moldova
88%
Luxembourg
87%
Bulgaria
85%
Liechtenstein
85%
No matching quizzes found
Score Distribution
Percent of People with Each Score
Percentile by Number Answered
Your Score History
You have not taken this quiz